Statistics for Rebus Puzzles

Click here to take the quiz!

General Stats

  • This quiz has been taken 1,389 times
    (1,351 since last reset)
  • The average score is 12 of 24

Answer Stats

HintAnswer% Correct
MAN/BOARDman overboard
83%
MILL1IONone in a million
83%
BAN ANAbanana split
75%
SLEEPING/JOBsleeping on the job
74%
SFUNUNfun in the sun
69%
ICE^3ice cube
69%
CCCCCCCseven seas
69%
CALM STORMcalm before the storm
66%
TIME TIMEtime after time OR time and time again OR double time
65%
THODEEPUGHTdeep in thought
62%
LITTLE LITTLE LATE LATEtoo little, too late
61%
TRAVEL/CCCCCtravel overseas
55%
R\E\A\Dread between the lines
54%
FUNNY FUNNY WORDS WORDS WORDS WORDStoo funny for words
54%
STA4NCEfor instance
50%
WAR/CCCCCwar overseas
50%
1SAF23ETY456safety in numbers
49%
NNNN AFFAIR AFFAIRforeign affairs
39%
SHUT/SITshut up and sit down
24%
LADY<-- LADY LADY LADYfirst lady
19%
AGED AGED<--- AGEDmiddle aged
14%
CUT/CUT CUT CUT CUTa cut above the rest
9%
W/A/T/E/Rwaterfall
7%
T/R/A/T/Sstartup
5%

Score Distribution

Percentile by Number Answered

Percent of People with Each Score

Your Score History

You have not taken this quiz since the last reset